Statistics for America the Beautiful Quarters

Click here to take the quiz!

General Stats

  • This quiz has been taken 6 times
  • The average score is 14 of 56

Answer Stats

YearJurisdictionAnswer% Correct
ArizonaGrand Canyon
75%
South DakotaMt. Rushmore
75%
CaliforniaYosemite
75%
MaineAcadia
50%
UtahArches
50%
AlaskaDenali
50%
FloridaEverglades
50%
MontanaGlacier
50%
ColoradoGreat Sand Dunes
50%
2014TennesseeGreat Smoky Mountains
50%
HawaiiHawaii Volcanoes
50%
2010ArkansasHot Springs
50%
WashingtonOlympic
50%
North DakotaTheodore Roosevelt
50%
MinnesotaVoyageurs
50%
WyomingYellowstone
50%
2020American SamoaAmerican Samoa
25%
VirginiaBlue Ridge
25%
DelawareBombay Hook
25%
KentuckyCumberland
25%
2017IowaEffigy Mounds
25%
MarylandFort McHenry
25%
South CarolinaFort Moultrie
25%
2011PennsylvaniaGettysburg
25%
NevadaGreat Basin
25%
West VirginiaHarpers Ferry
25%
2015HebraskaHomestead
25%
OregonMt. Hood
25%
OhioPerry's Victory
25%
2018MichiganPictured Rocks
25%
TexasSan Antonio Missions
25%
New YorkSaratoga
25%
2016IllinoisShawnee
25%
VirginiaShenandoah
25%
2013New HampshireWhite Mountain
25%
Northern Mariana IslandsAmerican Memorial Park
0%
WisconsinApostle Islands
0%
Rhode IslandBlock Island
0%
New MexicoChaco
0%
AlabamaChickasaw
0%
GeorgiaCumberland Island
0%
2012Puerto RicoEl Yunque
0%
IdahoFrank Church - River of No Return
0%
Washington D.C.Frederick Douglass
0%
IndianaGeorge Rogers Clark
0%
LouisianaKisatchie
0%
2019MassachusettsLowell
0%
VermontMarsh-Billings-Rockefeller
0%
MissouriOzark Riverways
0%
US Virgin IslandsSalt River Bay
0%
New YorkStatue of Liberty
0%
KansasTallgrass Prairie
0%
2021AlabamaTuskegee Airmen
0%
MississippiVicksburg
0%
GuamWar in the Pacific
0%
ConnecticutWeir Farm
0%

Score Distribution

Percentile by Number Answered

Percent of People with Each Score

Your Score History

You have not taken this quiz